000
00486nam a2200145Ia 4500
008
151213s9999 xx 000 0 und d
100
_a
মজিদ মাহমুদ।
245
_a
মাহফুজামঙ্গল।
_c
মজিদ মাহমুদ।
260
_a
ঢাকা।
_b
মনন পাবলিশার্স।
_c
2004
300
_a
8689 p.
650
_a
Bangla
650
_a
কবিতা।
700
_a
মজিদ মাহমুদ।
999
_c
4475
_d
4475